Deuxième étude symphonique : Fantaisie contrapuntique sur un crâmignon liégeois /

Bibliographic Details
Main Author: Lekeu, Guillaume, 1870-1894
Corporate Author: Orchestre symphonique de Liège (Performer)
Other Authors: Strauss, Paul, 1920-2007 (Conductor)
Format: CD Audio
Language:No linguistic content
Published: [Belgium] : Musique en Wallonie, [1973]
Subjects:

MARC

Tag First Indicator Second Indicator Subfields
LEADER 00000cjm a2200000Ia 4500
001 in00004591421
008 800903s1973 be zznn befhi n zxx
007 sd bsmenn|||ne
005 20220817181115.2
010 |a  74762366  
035 |a (OCoLC)ocm06675517 
040 |a DLC  |b eng  |c CSJ  |d IXA  |d IUG  |d OCL  |d OCLCQ  |d RES  |d OCLCQ  |d OCL  |d OCLCA  |d OCLCF  |d INU  |d OCLCQ  |d OCLCA  |d OCLCQ  |d ORU  |d OCLCO 
028 0 2 |a MW 9  |b Musique en Wallonie 
035 |a (OCoLC)6675517 
041 0 |g fre 
045 |a w7w9 
048 |a oa 
050 1 0 |a M1045 
100 1 |a Lekeu, Guillaume,  |d 1870-1894. 
240 1 0 |a Etude symphonique,  |n no. 2 
245 1 0 |a Deuxième étude symphonique :  |b Fantaisie contrapuntique sur un crâmignon liégeois /  |c Guillaume Lekeu. 
260 |a [Belgium] :  |b Musique en Wallonie,  |c [1973] 
300 |a 1 audio disc :  |b analog, 33 1/3 rpm, stereo ;  |c 12 in. 
306 |a 002330  |a 000720 
336 |a performed music  |b prm  |2 rdacontent 
337 |a audio  |b s  |2 rdamedia 
338 |a audio disc  |b sd  |2 rdacarrier 
382 0 1 |a orchestra  |e 1  |t 1  |2 lcmpt 
500 |a Gift from Gilbert and Thyra Plass Record Collection 
500 |a Gift from Gilbert and Thyra Plass Record Collection 
511 0 |a Orchestre symphonique de Liège ; Paul Strauss, conductor. 
500 |a "Enregistré en la salle du Conservatoire de Liège." 
500 |a Durations: 23 min., 30 sec.; 7 min., 20 sec. 
500 |a Program notes by J. Servain, in French, and bibliography ([6] p.) inserted in container. 
650 0 |a Orchestral music. 
650 6 |a Orchestre, Musique d'. 
650 7 |a Orchestral music.  |2 fast  |0 (OCoLC)fst01047289 
700 1 |a Strauss, Paul,  |d 1920-2007.  |4 cnd 
700 1 2 |a Lekeu, Guillaume,  |d 1870-1894.  |t Fantaisie contrapuntique sur un crâmignon liégeois. 
710 2 |a Orchestre symphonique de Liège.  |4 prf 
740 0 2 |a Etude symphonique. 
740 0 2 |a Fantaisie contrapuntique sur un crâmignon Liégeois. 
994 |a Z0  |b TXA 
948 |h HELD BY TXA - 38 OTHER HOLDINGS 
999 f f |s 2f9983d2-89ad-4b2b-a383-5bc002d225d4  |i 16a10746-0de7-4759-bcc0-34d7d85ae9a2  |t 0 
952 f f |p ric  |a Texas A&M University  |b Rellis Campus  |c Joint Library Facility  |d Remote Storage  |t 0  |e LP-1371  |h Other scheme  |i audio -- audio disc  |m A14851303629 
998 f f |a LP-1371  |t 0  |l Remote Storage